| 000 | 00751nam a2200205 a 4500 | ||
|---|---|---|---|
| 001 | 000027830 | ||
| 003 | AM-YEHGA | ||
| 005 | 20250618070914.0 | ||
| 008 | 980325s1965 ai |||||||||||arm d | ||
| 040 | _aAM-YeHGA | ||
| 041 | 0 | _aarm | |
| 100 | 1 |
_aԵրուխան, _d1870-1915 _9800 |
|
| 245 | 1 | 0 |
_aՆովելներ / _cԵրուխան (Երվանդ Սրմաքեշխանլյան) ; Կազմ. և ծանոթագր.՝ Ս. Հովհաննիսյան. |
| 260 |
_aԵրևան : _bՀայաստան, _c1965. |
||
| 300 |
_a438 էջ : _bդիմանկ. ; _c21 սմ. |
||
| 650 | 1 | 4 |
_aԱրևմտահայ գրականություն _xՆովել |
| 700 | 1 |
_aՀովհաննիսյան, Ս.Վ. _eկազմ. _4com _eծանոթագր. _4cmm |
|
| 942 |
_2udc _cBK |
||
| 090 | _c12205 | ||
| 999 |
_c12110 _d12110 |
||